Linear representations of partially ordered sets and vector space categories /
Guardado en:
| Autor Principal: | |
|---|---|
| Formato: | Libro |
| Idioma: | English |
| Publicado: |
Yverdon, Switzerland :
Gordon and Breach Science Publishers,
c1992.
|
| Series: | Algebra, logic, and applications,
v. 4 |
| Etiquetas: |
Agregar Etiqueta
Sin Etiquetas, Sea el primero en etiquetar este registro!
|
| LEADER | 00766nam a22001935a 4500 | ||
|---|---|---|---|
| 001 | MAT.inmabb000121 | ||
| 008 | 920722s1992####sz#a#####b####001#0#eng## | ||
| 005 | 20130228163151.0 | ||
| 245 | 1 | 0 | |a Linear representations of partially ordered sets and vector space categories / |c Daniel Simson. |
| 260 | |a Yverdon, Switzerland : |b Gordon and Breach Science Publishers, |c c1992. | ||
| 300 | |a xv, 499 p. ; |c 24 cm. | ||
| 440 | 0 | |a Algebra, logic, and applications, |x 1041-5394 ; |v v. 4 | |
| 504 | |a Incluye referencias bibliográficas (p. 473-488) e índice. | ||
| 510 | 4 | |a MR, |c 95g:16013 | |
| 020 | |a 2881248284 | ||
| 100 | 1 | |a Simson, Daniel. | |
| 084 | |a 16G20 (16-02 16G30 16G70) |2 msc2000 | ||
| 859 | |h 16 |i Si614 |p A-7360 |b BIB. MATEMATICA | ||
| 859 | |h 16 |i Si614 |p A-7822 |t Ej. 2 |b BIB. MATEMATICA | ||
